| 000 | 00488nam a2200157 a 4500 | ||
|---|---|---|---|
| 005 | 20140412111311.0 | ||
| 008 | 010327s19uu xx 00 eng d | ||
| 020 | _a971-8984-00-3 | ||
| 050 |
_aM 158 _bT36 1993 |
||
| 100 | _aTan, Earnest L. | ||
| 245 |
_aHow to attract love / _cEarnest L. Tan ; foreqord by Ma. Lourdes Arellano-Carandang, Ph.D. |
||
| 260 |
_aQuezon City : _bSpiritus Works Publication, _c1993. |
||
| 300 | _aix p. ; 124 p. | ||
| 650 | _aInspirational | ||
| 999 |
_c104011 _d104011 |
||